Linear algebra : (Record no. 10764)
[ view plain ]
| 000 -LEADER | |
|---|---|
| fixed length control field | 00717cam a22002292 4500 |
| 001 - CONTROL NUMBER | |
| control field | 0000004413 |
| 005 - DATE AND TIME OF LATEST TRANSACTION | |
| control field | 20151217154348.0 |
| 008 - FIXED-LENGTH DATA ELEMENTS--GENERAL INFORMATION | |
| fixed length control field | 070523s xx 000 0 eng d |
| 020 ## - INTERNATIONAL STANDARD BOOK NUMBER | |
| International Standard Book Number | 0521310423 : |
| Terms of availability | GBP 27.00 |
| 040 ## - CATALOGING SOURCE | |
| Original cataloging agency | KABU |
| Transcribing agency | KABU |
| 050 #0 - LIBRARY OF CONGRESS CALL NUMBER | |
| Classification number | QA184 |
| Item number | .H36 |
| 100 1# - MAIN ENTRY--PERSONAL NAME | |
| Personal name | Hamilton, A. G. |
| -- | 0000154960 |
| 245 10 - TITLE STATEMENT | |
| Title | Linear algebra : |
| Remainder of title | an introduction with concurrent examples. |
| 260 ## - PUBLICATION, DISTRIBUTION, ETC. (IMPRINT) | |
| Place of publication, distribution, etc. | Cambridge : |
| Name of publisher, distributor, etc. | CUP, |
| Date of publication, distribution, etc. | 1989. |
| 300 ## - PHYSICAL DESCRIPTION | |
| Extent | viii, 328 p. |
| 650 #0 - SUBJECT ADDED ENTRY--TOPICAL TERM | |
| Topical term or geographic name as entry element | Algebras, Linear. |
| -- | 0000154658 |
| 852 1# - LOCATION | |
| -- | p4550 KES |
| 852 1# - LOCATION | |
| -- | p4277 KES |
| 908 ## - PUT COMMAND PARAMETER (RLIN) | |
| Put command parameter | 070523 |
| 950 ## - LOCAL HOLDINGS (RLIN) | |
| -- | 1 |
| Withdrawn status | Lost status | Source of classification or shelving scheme | Not for loan | Home library | Current library | Date acquired | Total Checkouts | Full call number | Barcode | Date last seen | Date last checked out | Price effective from | Koha item type | Total Renewals |
|---|---|---|---|---|---|---|---|---|---|---|---|---|---|---|
| Library of Congress Classification | Kabarak, Main Campus | Kabarak, Main Campus | 17/12/2015 | 9 | QA184 .H36 c. 1 | 008431 | 09/02/2022 | 02/02/2022 | 17/12/2015 | General Collection | ||||
| Library of Congress Classification | Kabarak, Main Campus | Kabarak, Main Campus | 17/12/2015 | 8 | QA184 .H36 c. 2 | 23706 | 27/03/2023 | 14/03/2023 | 17/12/2015 | General Collection | ||||
| Library of Congress Classification | Kabarak, Main Campus | Kabarak, Main Campus | 17/12/2015 | 16 | QA184 .H36 c. 3 | 22413 | 24/01/2022 | 22/01/2022 | 17/12/2015 | General Collection | 2 |